000 00511nam a2200157 a 4500
008 120416s1979 xx |||||||||||||| || u
050 _aHD 31 Ind
100 _aRiggs, James L
245 1 0 _aIndustrial organization and management
250 _a6th ed.
260 _c1979
350 _a0.00
650 0 _aMANAGEMENT
650 0 _aINDUSTRIAL MANAGEMENT
995 _D0.00
_FCBU-MAIN LIBRARY (Kitwe)
_H1
_I0.00
_M1
_UAVAILABLE
_ZMain Library Open Access Collection
999 _c46740
_d46740